000 00466cam a22001577a 4500
008 180718b1997 xxu||||| |||| 00| 0 eng d
020 _a817033411X
082 _aQ100x54 K141
100 _aKapoor, A.K.
245 _aRural development through NGOs
_cby A.K. Kapoor and Dharamvir Singh
260 _aNew Delhi
_bRawat
_c1997
300 _a230p.
650 _aRural development - India
650 _aNon-govermental organizations - India
700 _aDharamvir Singh
999 _c382091
_d382091